| 000 | 00445 a2200121 4500 | ||
|---|---|---|---|
| 001 | ART_3340 | ||
| 005 | 20260410161714.0 | ||
| 008 | 260409a | ||
| 245 | 1 | 0 | _aCambios recientes en la concentración y desigualdad de captación de depósitos por el sistema bancario argentino |
| 100 | 1 | _aDiéguez, Héctor L. | |
| 700 | 1 | _aPetrecolla, Alberto | |
| 773 | 0 |
_tDesarrollo económico _g- Vol. 20, Nº 79 (oct./dic. 1980) _wREV1174 |
|
| 999 |
_c16342 _d16342 |
||